Emotional Bruises - Madison Beer - Statistics

General Stats
  • This quiz has been taken 26 times
  • The average score is 215 of 298
Answer Stats
Hint Answer % Correct
I
100%
The
100%
the
100%
to
100%
you
100%
You
100%
be
93%
But
93%
but
93%
do
93%
in
93%
it
93%
so
93%
this?
93%
this
93%
Verse 2 This
93%
I've
87%
let
87%
Let
87%
me
87%
all
80%
bruises
80%
cursive
80%
deserve
80%
emotional
80%
Verse 1 How
80%
just
80%
probably
80%
should
80%
tell
80%
that
80%
time
80%
Was
80%
was
80%
we
80%
word
80%
write
80%
about
73%
and
73%
been
73%
by
73%
Chorus 'Cause
73%
curses
73%
fourth
73%
I'm
73%
is
73%
It's
73%
it's
73%
letter
73%
life
73%
No
73%
no
73%
out
73%
person
73%
your
73%
can't
67%
don't
67%
fifth
67%
Fifth
67%
first
67%
hurt
67%
impersonal
67%
support
67%
that's
67%
too
67%
back
60%
figure
60%
got
60%
hope
60%
last
60%
more
60%
on
60%
second
60%
shit
60%
then
60%
third
60%
truth
60%
up
60%
Pre-Chorus You're
60%
callin'
53%
chance
53%
doubt
53%
For
53%
for
53%
into
53%
Leave
53%
link
53%
never
53%
taken
53%
arms
47%
given
47%
need
47%
off
47%
relapsed
47%
time's
47%
best
40%
collapsed
40%
hard
40%
my
40%
cutting
33%
driving
33%
Outro Please
33%
please
33%
psycho
33%
vitals
33%
vitals)
33%
we've
33%
anxious
27%
check
27%
come
27%
(Come
27%
cycle
27%
gotta
27%
someone
27%
truly
27%
leaving
13%
One
13%
vicious
13%
forgive
7%
minute
7%
next
7%
No matching quizzes found
Score Distribution
Percent of People with Each Score
Percentile by Number Answered
Your Score History
You have not taken this quiz